| 000 | 00447nam a2200169 a 4500 | ||
|---|---|---|---|
| 001 | 5 | ||
| 003 | CDMR | ||
| 005 | 20131213160935.0 | ||
| 008 | 130130s1975||||||||||||||||||||||||||||d | ||
| 040 |
_aCDMR _bcat _cCDMR |
||
| 100 | 1 |
_aEscarpit, Robert _97 |
|
| 245 | 1 | 0 |
_aAu jour le jour _b: billets du monde _cRobert Escarpit |
| 260 |
_aParis _c1975 _bPauvert |
||
| 300 | _a335 p. | ||
| 600 | 1 |
_97 _aEscarpit, Robert _xRecull d'escrits _y1949-1974 |
|
| 942 |
_cMON _2udc |
||
| 999 |
_c5 _d5 |
||